Joe Louis : (Record no. 126)

MARC details
000 -LEADER
fixed length control field 00848pam a2200265 a 4500
005 - DATE AND TIME OF LATEST TRANSACTION
control field 20260322212007.0
008 - FIXED-LENGTH DATA ELEMENTS--GENERAL INFORMATION
fixed length control field data
010 ## - LIBRARY OF CONGRESS CONTROL NUMBER
LC control number 89027599
020 ## - INTERNATIONAL STANDARD BOOK NUMBER
International Standard Book Number 0816148511 (lg. print) :
Terms of availability {dollar}18.95
020 ## - INTERNATIONAL STANDARD BOOK NUMBER
International Standard Book Number 9780816148516 (lg. print) :
Terms of availability {dollar}18.95
040 ## - CATALOGING SOURCE
Original cataloging agency DLC
Transcribing agency DLC
Modifying agency DLC
043 ## - GEOGRAPHIC AREA CODE
Geographic area code n-us---
050 10 - LIBRARY OF CONGRESS CALL NUMBER
Classification number GV1132.L6
Item number B37 1990
082 00 - DEWEY DECIMAL CLASSIFICATION NUMBER
Classification number B
-- B
Edition information 20
001 - CONTROL NUMBER
control field data
100 1# - MAIN ENTRY--PERSONAL NAME
Personal name Barrow, Joe Louis.
245 10 - TITLE STATEMENT
Title Joe Louis :
Remainder of title 50 years an American hero /
Statement of responsibility, etc. Joe Louis Barrow & Barbara Munder.
260 ## - PUBLICATION, DISTRIBUTION, ETC.
Place of publication, distribution, etc. Boston, Mass. :
Name of publisher, distributor, etc. G.K. Hall,
Date of publication, distribution, etc. 1990, c1988.
300 ## - PHYSICAL DESCRIPTION
Extent 336 p. (large print), [2] p. of plates :
Other physical details ill. ;
Dimensions 25 cm.
440 #0 - SERIES STATEMENT/ADDED ENTRY--TITLE
Title G.K. Hall large print book series
600 10 - SUBJECT ADDED ENTRY--PERSONAL NAME
Personal name Louis, Joe,
Dates associated with a name 1914-1981.
650 #0 - SUBJECT ADDED ENTRY--TOPICAL TERM
Topical term or geographic name entry element Boxers (Sports)
Geographic subdivision United States
General subdivision Biography.
650 #0 - SUBJECT ADDED ENTRY--TOPICAL TERM
Topical term or geographic name entry element Large type books.
700 1# - ADDED ENTRY--PERSONAL NAME
Personal name Munder, Barbara.
Holdings
Withdrawn status Lost status Damaged status Not for loan Home library Current library Shelving location Date acquired Total checkouts Full call number Barcode Date last seen Price effective from Koha item type
        Centerville Centerville General stacks 22/03/2026   796.8/3/092 B 20 BC0010130 22/03/2026 22/03/2026 Books